[Event "ROM-ch U08"]
[Site "Baile Felix"]
[Date "2017.02.07"]
[Round "7"]
[White "Ghise, Bogdan"]
[Black "Dobre, Calin Cezar"]
[Result "1-0"]
[WhiteElo "1001"]
[BlackElo "1028"]
[PlyCount "45"]
[EventDate "2017.02.02"]
[EventType "swiss"]
[EventRounds "9"]
[EventCountry "ROU"]
[SourceTitle "CBM 176 Extra"]
[Source "ChessBase"]
[SourceDate "2017.03.02"]
[SourceVersion "1"]
[SourceVersionDate "2017.03.02"]
[SourceQuality "1"]

1. e4 e5 2. Nf3 Nc6 3. Bc4 Nf6 4. d3 Bb4+ 5. Bd2 Bxd2+ 6. Nbxd2 d6 7. 0-0 Bg4 8. a3 Nd4 9. c3 Nxf3+ 10. Nxf3 Bxf3 11. Qxf3 Qd7 12. d4 exd4 13. cxd4 Ng4 14. h3 Nf6 15. Qf5 Qe7 16. e5 dxe5 17. dxe5 Nd7 18. Rfe1 f6 19. exf6 Qxe1+ 20. Rxe1+ Kd8 21. Rd1 Ke8 22. Qe6+ Kf8 23. Qf7# 1-0

[Event "ROM-ch U08"]
[Site "Baile Felix"]
[Date "2017.02.06"]
[Round "6"]
[White "Terzea, Eduard Andrei"]
[Black "Ghise, Bogdan"]
[Result "0-1"]
[WhiteElo "1001"]
[BlackElo "1001"]
[PlyCount "50"]
[EventDate "2017.02.02"]
[EventType "swiss"]
[EventRounds "9"]
[EventCountry "ROU"]
[SourceTitle "CBM 176 Extra"]
[Source "ChessBase"]
[SourceDate "2017.03.02"]
[SourceVersion "1"]
[SourceVersionDate "2017.03.02"]
[SourceQuality "1"]

1. e4 e5 2. Bc4 Bc5 3. d3 Nf6 4. Be3 Bxe3 5. fxe3 0-0 6. Nf3 Ng4 7. h3 Nxe3 8. Qd2 Nxc4 9. dxc4 d6 10. b4 a6 11. c5 dxc5 12. bxc5 Qxd2+ 13. Nbxd2 Nc6 14. 0-0 Nb4 15. c3 Nc2 16. Rac1 Na3 17. Nxe5 Be6 18. Ra1 Rad8 19. Rfd1 f6 20. Nd3 Rxd3 21. Rac1 Rfd8 22. h4 Rxd2 23. Rxd2 Rxd2 24. Ra1 Rxa2 25. Rxa2 Bxa2 0-1